| 000 | 01698cam a22005054i 4500 | ||
|---|---|---|---|
| 003 | PE-LiUPU | ||
| 005 | 20250731172851.0 | ||
| 008 | 150616s1982 gw r 000 0 d | ||
| 020 | _a9783438051196 | ||
| 035 | _a(Sirsi) a157155 | ||
| 040 |
_aPE-LiUPU _bspa _cPE-LiUPU _erda |
||
| 041 | 1 |
_agrc _ager _aen _aglat |
|
| 049 | _aPRUA | ||
| 082 | 0 | 4 |
_a221.48 _bR17 _221 |
| 245 |
_aSeptuaginta : _bid est Vetus Testamentum graece iuxta LXX interpretes / _c edidit Alfred Rahlfs. |
||
| 250 | _aEditio altera. | ||
| 264 | 1 |
_aStuttgart : _bDeustsche Bibelgesellschaft Stuttgart, _c1982. |
|
| 300 |
_a941 páginas ; _c20 centímetros |
||
| 336 |
_atext _2rdacontent |
||
| 337 |
_aunmediated _2rdamedia |
||
| 338 |
_avolume _2rdacarrier |
||
| 505 | 0 | _aVol. I Leges et historiae. | |
| 505 | 0 | _aVol. II Libri poetici et prophetici. | |
| 526 | _aSEG42 | ||
| 526 | _aSEG41 | ||
| 526 | _aSEG40 | ||
| 526 | _aSEG39 | ||
| 526 | _aP94 | ||
| 526 | _aP87 | ||
| 526 | _aP86 | ||
| 526 | _aP85 | ||
| 526 | _aP77 | ||
| 526 | _aP76 | ||
| 526 | _aP35 | ||
| 700 | 1 |
_aRahlfs, Alfred, _d1865-1935, _eeditor. |
|
| 700 | 1 |
_aHanhart, Robert, _d1925- , _eeditor. |
|
| 710 | 2 |
_aDeutsche Bibelgesellschaft, _editor. |
|
| 910 |
_ajck _bebj _cebj |
||
| 942 |
_2ddc _cBOOK |
||
| 949 |
_a221.48 R17 2006 _wDEWEY _c1 _i73613 _lCCODEBUL1 _mBUL _p39.34 _r0 _sY _tBOOK _u2015-4-23 _xPOSGRADO _PP85 _0COMPRA _o.STAFF. Colección General |
||
| 994 |
_aC0 _bPEPRU |
||
| 596 | _a1 | ||
| 999 |
_a221.48 R17 2006 _wLC _c9830 _i73613 _d9830 _e2018-6-7 _f2021-11-9 _g5 _lCCODEBUL1 _mBUL _n8 _p39.34 _q22 _r0 _sY _tBOOK _u2016-6-9 _xTEOLOGIA _PP85 _0COMPRA |
||
| 980 |
_81 _gALBERTO SANCHEZ Responsable de Automatización |
||